000 00319nam a22001337a 4500
008 171019b xxu||||| |||| 00| 0 eng d
020 _a0256061831
041 _aeng
080 _24TH
_a338
100 _a53
101 _aMEN
245 _aMANAGEMENT CONTROL IN NONPROFIT ORGANIZATIONS
_cANTHONY,R.N
942 _2udc
_cBK
999 _c35003
_d35003